00206nam a22000977a 4500008004100000082001100041245002200052260000900074300001000083440001500093180806b xxu||||| |||| 00| 0 eng d a813.52 aDiscovercThomson c2006 a4fCD x1418029599